[Event "Liga CS Jug 2017"]
[Site "Vlasotince"]
[Date "2017.10.14"]
[Round "9.2"]
[White "VASIC, Blagoje"]
[Black "KOSTIC, Milos   *"]
[Result "1-0"]
[WhiteElo "1902"]
[BlackElo "1657"]
[PlyCount "71"]
[EventDate "2017.09.03"]

1. e4 Nc6 2. d3 e5 3. Nf3 Nf6 4. g3 Be7 5. Bg2 O-O 6. O-O d5 7. exd5 Nxd5 8.
Nbd2 Bg4 9. h3 Bh5 10. Re1 f5 11. c3 Nb6 12. Qe2 Qd6 13. b4 Bf6 14. a4 Rfd8 15.
a5 Nd5 16. Bb2 e4 17. dxe4 Bxf3 18. Nxf3 fxe4 19. Qxe4 Bxc3 20. Ng5 Qg6 21.
Qxd5+ Rxd5 22. Bxd5+ Kf8 23. Ne6+ Qxe6 24. Rxe6 Bxb2 25. Rb1 Bf6 26. Bxc6 bxc6
27. Rxc6 Be5 28. Rbc1 Rb8 29. Rxc7 Bxc7 30. Rxc7 Rxb4 31. Rxa7 Ra4 32. a6 g6
33. Kf1 Ra1+ 34. Ke2 Ra2+ 35. Kd3 Rxf2 36. Rb7 1-0

[Event "Liga CS Jug 2017"]
[Site "Vlasotince"]
[Date "2017.10.14"]
[Round "9.2"]
[White "VUCETIC, Mirko"]
[Black "BLAGOJEVIC, Nebojsa"]
[Result "0-1"]
[WhiteElo "2045"]
[BlackElo "2181"]
[PlyCount "90"]
[EventDate "2017.09.03"]

1. d4 c6 2. Nf3 d5 3. Bg5 Qb6 4. b3 Nf6 5. c3 Bf5 6. Nbd2 e6 7. a4 Nbd7 8. e3
Rc8 9. a5 Qc7 10. Bf4 Bd6 11. Bxd6 Qxd6 12. b4 e5 13. Nb3 O-O 14. Nc5 b6 15.
Nxd7 Nxd7 16. Nxe5 Nxe5 17. dxe5 Qxe5 18. Qd4 Qe6 19. Ba6 Rb8 20. axb6 axb6 21.
Bd3 c5 22. Bxf5 Qxf5 23. Qd2 Rfe8 24. O-O Qe4 25. Rfd1 Rbd8 26. bxc5 bxc5 27.
Qd3 Qe5 28. Ra5 Qe7 29. Raa1 Rd7 30. Qf5 Red8 31. h3 Qe6 32. Qxe6 fxe6 33. Ra6
Rd6 34. Rda1 Rxa6 35. Rxa6 Kf7 36. Rc6 c4 37. e4 Rb8 38. exd5 Rb1+ 39. Kh2 exd5
40. Rc7+ Kf6 41. Rc6+ Ke5 42. Rc7 Rb3 43. Rxg7 Rxc3 44. Rxh7 Ra3 45. g4 c3 0-1

[Event "Liga CS Jug 2017"]
[Site "Vlasotince"]
[Date "2017.10.14"]
[Round "9.3"]
[White "ADEMI, Sead"]
[Black "JOVANOVIC, Dragan N"]
[Result "1-0"]
[WhiteElo "2169"]
[BlackElo "1898"]
[PlyCount "63"]
[EventDate "2017.09.03"]

1. d4 d5 2. Nf3 Nf6 3. c4 c6 4. Nc3 g6 5. Bf4 Bg7 6. e3 O-O 7. Qb3 e6 8. h3
Nbd7 9. Be2 Re8 10. O-O dxc4 11. Bxc4 Nb6 12. Be2 Nbd5 13. Be5 b6 14. Rac1 Bb7
15. Rfd1 Qe7 16. a3 Nd7 17. Bg3 Nxc3 18. bxc3 b5 19. a4 a6 20. c4 e5 21. cxb5
axb5 22. axb5 Ra3 23. Qb1 cxb5 24. Rc7 Bxf3 25. gxf3 exd4 26. Bxb5 dxe3 27.
Rcxd7 exf2+ 28. Kh2 Qg5 29. h4 Qh5 30. Rd8 Rae3 31. Rxe8+ Rxe8 32. Bxe8 1-0

[Event "Liga CS Jug 2017"]
[Site "Vlasotince"]
[Date "2017.10.14"]
[Round "9.3"]
[White "KOSTIC, Nenad"]
[Black "TOSIC, Slobodan P"]
[Result "0-1"]
[WhiteElo "2133"]
[BlackElo "2172"]
[PlyCount "24"]
[EventDate "2017.09.03"]

1. e4 e5 2. Nf3 Nc6 3. d4 exd4 4. Nxd4 Bc5 5. Be3 Qf6 6. c3 Nge7 7. b4 Bb6 8.
b5 Nxd4 9. cxd4 d5 10. e5 Qg6 11. Qd3 Bf5 12. Qa3 Bxb1 0-1

[Event "Liga CS Jug 2017"]
[Site "Vlasotince"]
[Date "2017.10.14"]
[Round "9.3"]
[White "MANIC, Dragan"]
[Black "TERZIC, Miomir"]
[Result "1/2-1/2"]
[WhiteElo "2066"]
[BlackElo "2199"]
[PlyCount "55"]
[EventDate "2017.09.03"]

1. e4 c6 2. d4 d5 3. Nc3 b5 4. exd5 b4 5. Nce2 cxd5 6. Ng3 Nf6 7. Nf3 Bg4 8. h3
Bxf3 9. Qxf3 e6 10. Bb5+ Nbd7 11. O-O Be7 12. c4 bxc3 13. bxc3 O-O 14. Qd3 Nb6
15. Bf4 Bd6 16. Bg5 h6 17. Bd2 Rc8 18. f4 Nc4 19. Ba6 Rc6 20. Bb5 Rc7 21. Rae1
Qc8 22. Bxc4 dxc4 23. Qc2 h5 24. Rf3 h4 25. Ne4 Nxe4 26. Qxe4 g6 27. f5 exf5
28. Qxh4 1/2-1/2

[Event "Liga CS Jug 2017"]
[Site "Vlasotince"]
[Date "2017.10.14"]
[Round "9.4"]
[White "BANJOVIC, Sasa"]
[Black "MAJSTOROVIC, Dusan"]
[Result "1-0"]
[WhiteElo "2170"]
[BlackElo "1980"]
[PlyCount "83"]
[EventDate "2017.09.03"]

1. d4 d5 2. c4 e6 3. Nc3 Nf6 4. cxd5 exd5 5. Bg5 Be7 6. e3 h6 7. Bh4 c6 8. Bd3
Be6 9. Nge2 Nh5 10. Bxe7 Qxe7 11. h3 g6 12. g4 Ng7 13. Nf4 Nd7 14. Qc2 Qf6 15.
O-O-O Nb6 16. Kb1 O-O-O 17. a4 Kb8 18. a5 Nc4 19. Bxc4 dxc4 20. Ne4 Qe7 21.
Nxe6 Nxe6 22. Qxc4 f5 23. gxf5 gxf5 24. Nc3 Nc7 25. Qc5 Qh4 26. Qxf5 Rhf8 27.
Qd3 Rxf2 28. e4 Ne6 29. Qc4 Nc7 30. d5 cxd5 31. Nxd5 Nxd5 32. Rxd5 Rc8 33. Qb4
Qf4 34. a6 Qc7 35. Qxb7+ Qxb7 36. axb7 Kxb7 37. Re1 Rcc2 38. Rb5+ Kc6 39. Rb3
Rce2 40. Rc1+ Kd6 41. Rc4 Rf4 42. e5+ 1-0

[Event "Liga CS Jug 2017"]
[Site "Vlasotince"]
[Date "2017.10.14"]
[Round "9.4"]
[White "BULATOVIC, Nikola   *"]
[Black "RANDJELOVIC, Ilija   *"]
[Result "1-0"]
[WhiteElo "2061"]
[BlackElo "1793"]
[PlyCount "65"]
[EventDate "2017.09.03"]

1. e4 c5 2. Nf3 g6 3. d4 cxd4 4. Nxd4 Nc6 5. Be3 Nf6 6. Nc3 Bg7 7. Bc4 Qa5 8.
O-O O-O 9. Nb3 Qc7 10. f4 d6 11. Be2 Be6 12. Bf3 Bc4 13. Re1 Rac8 14. Qd2 a5
15. Nd5 Nxd5 16. exd5 Nb4 17. c3 Na6 18. Nd4 Nc5 19. b3 Ba6 20. c4 e5 21. dxe6
fxe6 22. Rad1 e5 23. Nc2 Rcd8 24. Qd5+ Kh8 25. fxe5 Bxe5 26. Bxc5 Bxh2+ 27.
Kxh2 dxc5+ 28. Qe5+ Qxe5+ 29. Rxe5 b5 30. Rxd8 Rxd8 31. cxb5 Bxb5 32. Rxc5 Bd3
33. Ne3 1-0

[Event "Liga CS Jug 2017"]
[Site "Vlasotince"]
[Date "2017.10.14"]
[Round "9.4"]
[White "RANDJELOVIC, Nikola"]
[Black "DJORDJEVIC, Miroslav"]
[Result "1-0"]
[WhiteElo "1885"]
[BlackElo "1976"]
[PlyCount "34"]
[EventDate "2017.09.03"]

1. e4 c6 2. d4 d5 3. e5 Bf5 4. Nf3 e6 5. Be2 c5 6. Be3 Nd7 7. O-O Ne7 8. c4
cxd4 9. Nxd4 Bxb1 10. Rxb1 Nxe5 11. cxd5 Nxd5 12. Qa4+ Nd7 13. Bf3 Be7 14. Bxd5
exd5 15. Qb5 O-O 16. Qxd5 Nc5 17. Qf3 Qa5 1-0

[Event "Liga CS Jug 2017"]
[Site "Vlasotince"]
[Date "2017.10.14"]
[Round "9.4"]
[White "RANDJELOVIC, Nenad   *"]
[Black "VESELINOV, Ivica"]
[Result "1/2-1/2"]
[WhiteElo "1708"]
[BlackElo "1837"]
[PlyCount "37"]
[EventDate "2017.09.03"]

1. e4 d5 2. exd5 Qxd5 3. Nc3 Qa5 4. d4 c6 5. Bc4 Bf5 6. Nf3 Nf6 7. Bd2 e6 8.
Nd5 Qd8 9. Nxf6+ gxf6 10. Bf4 Bd6 11. Bxd6 Qxd6 12. Qe2 Nd7 13. O-O-O O-O-O 14.
g3 Nb6 15. Bb3 h6 16. Rhe1 Bg4 17. Qe3 Nd5 18. Qd3 Nb4 19. Qe3 1/2-1/2

[Event "Liga CS Jug 2017"]
[Site "Vlasotince"]
[Date "2017.10.14"]
[Round "9.4"]
[White "RISTIC, Nebojsa B"]
[Black "PETROVIC, Dragan R"]
[Result "1-0"]
[WhiteElo "2308"]
[BlackElo "2262"]
[PlyCount "75"]
[EventDate "2017.09.03"]

1. d4 Nf6 2. Nf3 g6 3. Bf4 Bg7 4. e3 O-O 5. h3 d6 6. c3 Nbd7 7. Nbd2 b6 8. Be2
Bb7 9. O-O Qe8 10. Bh2 e5 11. dxe5 Nxe5 12. Nxe5 dxe5 13. Bf3 e4 14. Be2 Rd8
15. Qc2 Qc6 16. Nb3 Rfe8 17. Rfd1 Nd5 18. Rd2 Bh6 19. Kh1 Qf6 20. Bg3 c5 21.
Rad1 Bc6 22. a3 Qe7 23. c4 Nf6 24. Nc1 Bg7 25. Bd6 Qe6 26. b4 cxb4 27. axb4 Nd7
28. b5 Bxb5 29. cxb5 Rc8 30. Qa2 Qxa2 31. Rxa2 Nc5 32. Bxc5 Rxc5 33. Nb3 Rc3
34. Nd4 Rd8 35. Rad2 h5 36. g4 hxg4 37. hxg4 Ra3 38. Nc6 1-0

[Event "Liga CS Jug 2017"]
[Site "Vlasotince"]
[Date "2017.10.14"]
[Round "9.4"]
[White "STAMENKOVIC, Lazar   ***"]
[Black "SPASIC, Petar   ***"]
[Result "1/2-1/2"]
[WhiteElo "1900"]
[BlackElo "1964"]
[PlyCount "44"]
[EventDate "2017.09.03"]

1. e4 c5 2. Nf3 e6 3. d3 Nc6 4. g3 Nf6 5. Bg2 Be7 6. O-O O-O 7. Nbd2 d5 8. e5
Nd7 9. Re1 Qc7 10. Qe2 b6 11. Nf1 Bb7 12. h4 Rac8 13. Bf4 Qb8 14. c3 d4 15.
N3h2 Qa8 16. Bh3 f5 17. exf6 Bxf6 18. Bd6 dxc3 19. Bxf8 Nxf8 20. Ng4 Bd4 21. h5
cxb2 22. Rab1 Bc3 1/2-1/2

[Event "Liga CS Jug 2017"]
[Site "Vlasotince"]
[Date "2017.10.14"]
[Round "9.4"]
[White "VELICKOVIC, Slobodan"]
[Black "DIMITRIJEVIC, Zoran"]
[Result "1/2-1/2"]
[WhiteElo "2020"]
[BlackElo "2075"]
[PlyCount "88"]
[EventDate "2017.09.03"]

1. d4 Nf6 2. Nd2 d5 3. Ngf3 c6 4. e3 Bg4 5. Bd3 e6 6. c3 Nbd7 7. Qc2 Qc7 8. c4
Be7 9. O-O O-O 10. cxd5 exd5 11. b3 Rac8 12. Bb2 Bd6 13. Bf5 Bh5 14. g3 Bg6 15.
Nh4 Rfe8 16. Nxg6 hxg6 17. Bh3 Re7 18. Nf3 Rce8 19. a4 Ne4 20. Ba3 Bxa3 21.
Rxa3 Qd6 22. Ra2 Qf6 23. Nd2 Ng5 24. Bg2 Qd6 25. a5 a6 26. h4 Ne6 27. Nf3 Nef8
28. Rc1 Qf6 29. Ra4 Qd6 30. Qd2 Nf6 31. Qb4 Ne4 32. Qxd6 Nxd6 33. Ne5 Nb5 34.
Bf1 f6 35. Nd3 Nd6 36. Nc5 Rc8 37. Bh3 Rcc7 38. Ra2 Kf7 39. Re2 Nb5 40. Kf1 Nd6
41. f3 Nf5 42. Kf2 Re8 43. Rd1 Rce7 44. Bxf5 gxf5 1/2-1/2

[Event "Liga CS Jug 2017"]
[Site "Vlasotince"]
[Date "2017.10.14"]
[Round "9.4"]
[White "VUKASINOVIC, Sasa"]
[Black "RANDJELOVIC, Ivica"]
[Result "1/2-1/2"]
[WhiteElo "2026"]
[BlackElo "1875"]
[PlyCount "157"]
[EventDate "2017.09.03"]

1. e4 c5 2. Nf3 e6 3. d4 cxd4 4. Nxd4 Nc6 5. Nc3 Qc7 6. Be2 a6 7. Be3 Nf6 8.
O-O Bb4 9. Nxc6 bxc6 10. Na4 Be7 11. c4 c5 12. Qc2 O-O 13. f4 d6 14. Bf3 Rb8
15. Nc3 Bb7 16. Rae1 Rfe8 17. Kh1 Bf8 18. Bc1 Bc6 19. b3 Nd7 20. Ne2 a5 21. Nc3
Qb7 22. e5 d5 23. f5 d4 24. fxe6 Rxe6 25. Nd5 Nxe5 26. Be4 Ng6 27. Qf2 Rbe8 28.
Bf3 Rxe1 29. Rxe1 Qd7 30. Bd2 Qf5 31. Rxe8 Bxe8 32. Qe1 Ne5 33. Qe4 Qxe4 34.
Bxe4 a4 35. Bf4 axb3 36. axb3 f6 37. Kg1 Bh5 38. Bc2 d3 39. Bxe5 dxc2 40. Bf4
c1=Q+ 41. Bxc1 Bd1 42. Be3 Bxb3 43. Nb6 Kf7 44. Kf1 Ke6 45. Ke2 Kd6 46. Kd3 Kc6
47. Nd5 Bd1 48. h3 Bh5 49. g4 Bf7 50. Nf4 g5 51. Ne2 Bg6+ 52. Kd2 Be4 53. Bf2
Bg2 54. h4 Bf3 55. hxg5 fxg5 56. Ng3 Bxg4 57. Ne4 Be7 58. Be3 h6 59. Kc3 Bf5
60. Kd3 Bxe4+ 61. Kxe4 h5 62. Kf5 h4 63. Kg4 Kd6 64. Kf5 Kc6 65. Kg4 Kb6 66.
Bd2 Kc7 67. Be3 Kd7 68. Bg1 Ke6 69. Bh2 Bd6 70. Bg1 Kf6 71. Be3 Kg6 72. Bg1 h3
73. Kxh3 Kf5 74. Be3 Be7 75. Kg3 g4 76. Bf2 Bd6+ 77. Kg2 Ke4 78. Bg1 Kd3 79.
Bxc5 1/2-1/2

[Event "Liga CS Jug 2017"]
[Site "Vlasotince"]
[Date "2017.10.14"]
[Round "9.6"]
[White "PERUNOVIC, Ljubivoje"]
[Black "NIKOLIC, Vladimir I   ***"]
[Result "1/2-1/2"]
[WhiteElo "1841"]
[BlackElo "2075"]
[PlyCount "33"]
[EventDate "2017.09.03"]

1. d4 Nf6 2. Nf3 g6 3. Bg5 Bg7 4. Nbd2 O-O 5. e4 d6 6. c3 Nbd7 7. Bc4 e5 8.
dxe5 Nxe5 9. Nxe5 dxe5 10. O-O Qe7 11. Qb3 c6 12. a4 h6 13. Bh4 g5 14. Bg3 h5
15. h3 h4 16. Bh2 g4 17. hxg4 1/2-1/2

[Event "Liga CS Jug 2017"]
[Site "Vlasotince"]
[Date "2017.10.14"]
[Round "9.6"]
[White "STEVANOVIC, Jovan   ***"]
[Black "ANDREJEVIC, Miodrag"]
[Result "1/2-1/2"]
[WhiteElo "1658"]
[BlackElo "1863"]
[PlyCount "21"]
[EventDate "2017.09.03"]

1. c4 c5 2. Nc3 e6 3. Nf3 Nc6 4. g3 Nf6 5. Bg2 d5 6. O-O dxc4 7. Nd5 Qxd5 8. d4
Nxd4 9. Be3 Qe4 10. Qxd4 Bd6 11. Qxd6 1/2-1/2

[Event "Liga CS Jug 2017"]
[Site "Vlasotince"]
[Date "2017.10.14"]
[Round "9.6"]
[White "STOJILJKOVIC, Zivojin"]
[Black "RANCIC, Djordje"]
[Result "0-1"]
[WhiteElo "1948"]
[BlackElo "1886"]
[PlyCount "58"]
[EventDate "2017.09.03"]

1. e4 c5 2. Nc3 g6 3. Nf3 Bg7 4. d4 cxd4 5. Nxd4 Nc6 6. Nxc6 bxc6 7. Bd3 Nf6 8.
O-O O-O 9. h3 d5 10. exd5 cxd5 11. Ne2 e5 12. Ng3 Bb7 13. Re1 Nd7 14. c3 Qc7
15. Bf1 f5 16. Ne2 f4 17. f3 Kh8 18. Kh1 Nf6 19. Bd2 Nh5 20. Rb1 Rad8 21. Qa4
Bc6 22. Qa3 Qd7 23. Rbd1 Bf6 24. Rc1 Be7 25. b4 e4 26. Nd4 e3 27. Qb2 Bd6 28.
Red1 Ba4 29. Re1 Rfe8 {...50mov.} 0-1

[Event "Liga CS Jug 2017"]
[Site "Vlasotince"]
[Date "2017.10.14"]
[Round "10.1"]
[White "CIHACEV, Bojan"]
[Black "VUCETIC, Mirko"]
[Result "1-0"]
[WhiteElo "2157"]
[BlackElo "2045"]
[PlyCount "41"]
[EventDate "2017.09.03"]

1. e4 c6 2. d4 d5 3. e5 Bf5 4. Bd3 Bxd3 5. Qxd3 e6 6. Ne2 Nd7 7. O-O c5 8. c3
cxd4 9. cxd4 Ne7 10. Bg5 Qb6 11. Nbc3 a6 12. Rfc1 Nc6 13. a3 Na5 14. Rc2 h6 15.
Qh3 Be7 16. Bxe7 Kxe7 17. Nf4 Qxd4 18. Nfxd5+ exd5 19. Rd1 Qxd1+ 20. Nxd1 Rac8
21. Qh4+ 1-0

[Event "Liga CS Jug 2017"]
[Site "Vlasotince"]
[Date "2017.10.14"]
[Round "10.1"]
[White "MIHAJLOVIC, Aleksandar   ***"]
[Black "VASIC, Blagoje"]
[Result "1/2-1/2"]
[WhiteElo "1493"]
[BlackElo "1902"]
[PlyCount "142"]
[EventDate "2017.09.03"]

1. e4 c5 2. Nf3 d6 3. d4 cxd4 4. Nxd4 Nf6 5. Nc3 a6 6. Bd3 e5 7. Nb3 Be7 8. Be3
Be6 9. O-O O-O 10. h3 d5 11. exd5 Nxd5 12. Qh5 f5 13. Nxd5 Qxd5 14. Rad1 g6 15.
c4 gxh5 16. cxd5 Bxd5 17. Bc2 Be6 18. Rd3 Bc4 19. Rfd1 Bxd3 20. Rxd3 Nc6 21.
Bh6 Rf6 22. Rg3+ Rg6 23. Bxf5 Rxg3 24. Be6+ Kh8 25. fxg3 Nd4 26. Nxd4 exd4 27.
Bd5 Rd8 28. Bc4 d3 29. Bd2 Bf6 30. b4 b5 31. Bb3 Re8 32. Bd1 Bd4+ 33. Kf1 Kg7
34. Bxh5 Rc8 35. Bd1 Bc3 36. Bxc3+ Rxc3 37. g4 Kf6 38. Ke1 Ke5 39. Kd2 Kd4 40.
Bb3 Rc8 41. Bd1 Rc4 42. Bb3 Rc8 43. Bd1 h6 44. h4 Rd8 45. Bf3 Kc4 46. Be4 Kxb4
47. Bxd3 Ka3 48. Kc2 Kxa2 49. g5 hxg5 50. hxg5 Rc8+ 51. Kd2 Rg8 52. g6 Rg7 53.
Kc3 Ka3 54. Kd4 Rd7+ 55. Ke3 Kb4 56. Bf5 Re7+ 57. Kf4 Kc5 58. Kg5 Kd6 59. Kf6
Re8 60. g7 Rg8 61. Kf7 Rxg7+ 62. Kxg7 Ke5 63. g4 a5 64. g5 Kxf5 65. g6 a4 66.
Kf7 a3 67. g7 a2 68. g8=Q a1=Q 69. Qg6+ Kf4 70. Qh6+ Kg4 71. Qg6+ Kf4 1/2-1/2

[Event "Liga CS Jug 2017"]
[Site "Vlasotince"]
[Date "2017.10.14"]
[Round "10.1"]
[White "MILUTINOVIC, Vladan"]
[Black "STEFANOVIC, Dejan"]
[Result "1-0"]
[WhiteElo "2041"]
[BlackElo "2018"]
[PlyCount "65"]
[EventDate "2017.09.03"]

1. Nf3 c6 2. c4 d5 3. b3 Nf6 4. Bb2 Bf5 5. d4 e6 6. e3 Be7 7. Bd3 Bxd3 8. Qxd3
Nbd7 9. O-O O-O 10. Nbd2 Re8 11. Rfe1 a6 12. c5 Qc7 13. b4 b5 14. Bc3 Nf8 15.
a4 Ng6 16. Ra2 Nd7 17. Rea1 Rab8 18. axb5 axb5 19. Ra7 Rb7 20. R7a6 f6 21. h4
e5 22. Qf5 Bf8 23. h5 Nh8 24. Ra8 g6 25. Qh3 Rxa8 26. Rxa8 e4 27. Qe6+ Nf7 28.
hxg6 hxg6 29. Ng5 fxg5 30. Qxg6+ Kh8 31. Qxf7 Ra7 32. Re8 Ra3 33. Rxf8+ 1-0

[Event "Liga CS Jug 2017"]
[Site "Vlasotince"]
[Date "2017.10.14"]
[Round "10.1"]
[White "NISIC, Miroslav"]
[Black "SAVIC, Ivan"]
[Result "1/2-1/2"]
[WhiteElo "2024"]
[BlackElo "1927"]
[PlyCount "67"]
[EventDate "2017.09.03"]

1. d4 d5 2. Nf3 Nf6 3. c4 e6 4. Nc3 Be7 5. Bg5 O-O 6. e3 h6 7. Bh4 Ne4 8. Bxe7
Qxe7 9. Nxe4 dxe4 10. Nd2 f5 11. g3 b6 12. Qb3 Nc6 13. a3 a5 14. Be2 Bd7 15.
Qc3 Nd8 16. O-O Nf7 17. f4 exf3 18. Bxf3 Rad8 19. Rae1 e5 20. Bd5 e4 21. Bxf7+
Rxf7 22. b4 axb4 23. axb4 Ra8 24. Ra1 Rxa1 25. Rxa1 g5 26. d5 Rf8 27. c5 f4 28.
Rf1 bxc5 29. bxc5 Bh3 30. Rf2 f3 31. Qd4 Re8 32. d6 cxd6 33. cxd6 Qe6 34. Nf1
1/2-1/2

[Event "Liga CS Jug 2017"]
[Site "Vlasotince"]
[Date "2017.10.14"]
[Round "10.1"]
[White "VASIC, Zarko"]
[Black "STOJANOVIC, Filip   ***"]
[Result "1-0"]
[WhiteElo "2006"]
[BlackElo "1468"]
[PlyCount "99"]
[EventDate "2017.09.03"]

1. e4 d5 2. exd5 Nf6 3. c4 e6 4. dxe6 Bxe6 5. d3 Qe7 6. Qe2 Nc6 7. Nf3 O-O-O 8.
Be3 Qe8 9. Nc3 Bb4 10. O-O-O Bxc3 11. bxc3 Qe7 12. Nd4 Bd7 13. Bg5 Qa3+ 14. Qb2
Qxb2+ 15. Kxb2 Nxd4 16. cxd4 Ba4 17. Rd2 Rxd4 18. Bxf6 gxf6 19. Kc3 Rdd8 20. g3
Bc6 21. Bh3+ Kb8 22. Re1 Rhe8 23. Re3 Rxe3 24. fxe3 a6 25. Rf2 Re8 26. e4 Rg8
27. Rxf6 Be8 28. Rh6 Rh8 29. Bf5 c6 30. h4 Kc7 31. h5 Kd8 32. c5 Bd7 33. Rxh7
Rxh7 34. Bxh7 Ke8 35. Kd4 Kf8 36. h6 Be6 37. a3 Bd7 38. Ke5 Ke7 39. Bf5 Bxf5
40. Kxf5 Kf8 41. g4 Kg8 42. Kf6 Kh7 43. g5 Kg8 44. d4 Kh7 45. Kxf7 Kh8 46. g6
b6 47. cxb6 a5 48. b7 a4 49. b8=B c5 50. Be5# 1-0

[Event "Liga CS Jug 2017"]
[Site "Vlasotince"]
[Date "2017.10.14"]
[Round "10.2"]
[White "BLAGOJEVIC, Nebojsa"]
[Black "MANIC, Dragan"]
[Result "1/2-1/2"]
[WhiteElo "2181"]
[BlackElo "2066"]
[PlyCount "22"]
[EventDate "2017.09.03"]

1. c4 Nf6 2. Nc3 c5 3. g3 Nc6 4. Bg2 e6 5. d3 Be7 6. e4 d6 7. Nge2 e5 8. O-O
Be6 9. f4 Bg4 10. h3 Bxe2 11. Nxe2 O-O 1/2-1/2

[Event "Liga CS Jug 2017"]
[Site "Vlasotince"]
[Date "2017.10.14"]
[Round "10.2"]
[White "DJOKOVIC, Nenad"]
[Black "VESELINOVIC, Branislav"]
[Result "1/2-1/2"]
[WhiteElo "1985"]
[BlackElo "1886"]
[PlyCount "28"]
[EventDate "2017.09.03"]

1. d4 Nf6 2. c4 g6 3. Nc3 Bg7 4. e4 d6 5. Nf3 O-O 6. Be2 Nbd7 7. O-O c5 8. Bg5
b6 9. Qd2 Bb7 10. d5 h5 11. Bh6 Bxh6 12. Qxh6 Ng4 13. Qg5 Nge5 14. Nxe5 Nxe5
1/2-1/2

[Event "Liga CS Jug 2017"]
[Site "Vlasotince"]
[Date "2017.10.14"]
[Round "10.2"]
[White "KALAJDZIC, Zoran"]
[Black "MITROVIC, Mikica"]
[Result "1/2-1/2"]
[WhiteElo "1778"]
[BlackElo "1963"]
[PlyCount "22"]
[EventDate "2017.09.03"]

1. e4 d6 2. d4 Nf6 3. Nc3 g6 4. Nf3 Bg7 5. Be2 O-O 6. O-O Nc6 7. Be3 Nd7 8. Qd2
e5 9. d5 Ne7 10. Rad1 f5 11. Bh6 f4 1/2-1/2

[Event "Liga CS Jug 2017"]
[Site "Vlasotince"]
[Date "2017.10.14"]
[Round "10.2"]
[White "KOSTIC, Milos   *"]
[Black "KRSTIC, Mihajlo   ***"]
[Result "1/2-1/2"]
[WhiteElo "1657"]
[BlackElo "1627"]
[PlyCount "20"]
[EventDate "2017.09.03"]

1. d4 d5 2. Nf3 Nf6 3. c4 e6 4. Nc3 Be7 5. Bg5 O-O 6. e3 b6 7. Bd3 Bb7 8. O-O
c5 9. Rc1 Nc6 10. cxd5 exd5 1/2-1/2

[Event "Liga CS Jug 2017"]
[Site "Vlasotince"]
[Date "2017.10.14"]
[Round "10.2"]
[White "TOSIC, Slobodan P"]
[Black "MITROVIC, Marjan"]
[Result "1/2-1/2"]
[WhiteElo "2172"]
[BlackElo "2114"]
[PlyCount "20"]
[EventDate "2017.09.03"]

1. d4 Nf6 2. c4 e6 3. Nf3 b6 4. Bg5 Bb7 5. Nc3 Be7 6. e3 O-O 7. Bd3 d5 8. cxd5
Nxd5 9. Bxe7 Qxe7 10. Rc1 h6 1/2-1/2

[Event "Liga CS Jug 2017"]
[Site "Vlasotince"]
[Date "2017.10.14"]
[Round "10.4"]
[White "DIMITRIJEVIC, Zoran"]
[Black "NIKOLIC, Zoran S"]
[Result "1/2-1/2"]
[WhiteElo "2075"]
[BlackElo "2151"]
[PlyCount "59"]
[EventDate "2017.09.03"]

1. d4 Nf6 2. Nf3 e6 3. Bf4 b6 4. c3 Bb7 5. e3 Be7 6. Bd3 O-O 7. O-O Nh5 8. Bg3
Nxg3 9. hxg3 d6 10. Nbd2 Nd7 11. Qc2 g6 12. e4 e5 13. Rad1 Bf6 14. Nc4 Qe7 15.
dxe5 Nxe5 16. Ncxe5 dxe5 17. Rfe1 Qc5 18. Nd2 Rad8 19. Nb3 Qc6 20. Qe2 Be7 21.
Bc2 Rxd1 22. Rxd1 Rd8 23. Rxd8+ Bxd8 24. Qd3 Bg5 25. f3 h5 26. Bd1 h4 27. gxh4
Bxh4 28. Be2 Kg7 29. Kh2 Bg5 30. g3 1/2-1/2

[Event "Liga CS Jug 2017"]
[Site "Vlasotince"]
[Date "2017.10.14"]
[Round "10.4"]
[White "DJORDJEVIC, Miroslav"]
[Black "MINIC, Ivan"]
[Result "1/2-1/2"]
[WhiteElo "1976"]
[BlackElo "2112"]
[PlyCount "32"]
[EventDate "2017.09.03"]

1. e4 c5 2. Nf3 Nc6 3. c3 d5 4. exd5 Qxd5 5. d4 cxd4 6. Nxd4 Nf6 7. Nxc6 Qxc6
8. a4 a6 9. Nd2 g6 10. Nf3 Bg7 11. Be2 O-O 12. O-O Qc7 13. a5 Rd8 14. Bf4 Rxd1
15. Bxc7 Rxa1 16. Rxa1 Nd5 1/2-1/2

[Event "Liga CS Jug 2017"]
[Site "Vlasotince"]
[Date "2017.10.14"]
[Round "10.4"]
[White "MILUTINOVIC, Lazar   ***"]
[Black "BULATOVIC, Nikola   *"]
[Result "0-1"]
[WhiteElo "1782"]
[BlackElo "2061"]
[PlyCount "45"]
[EventDate "2017.09.03"]

1. c4 Nf6 2. Nc3 e6 3. g3 d5 4. cxd5 exd5 5. Bg2 c6 6. d3 Bd6 7. Nf3 h6 8. O-O
O-O 9. e4 Nbd7 10. d4 Nxe4 11. Nxe4 dxe4 12. Nd2 f5 13. f3 exf3 14. Qb3+ Kh8
15. Nxf3 Nb6 16. Nh4 Qf6 17. Qd3 Nd5 18. a3 g5 19. Nf3 f4 20. Ne5 Bf5 21. Qb3
Bxe5 22. dxe5 Qxe5 23. Bd2 0-1

[Event "Liga CS Jug 2017"]
[Site "Vlasotince"]
[Date "2017.10.14"]
[Round "10.4"]
[White "SPASIC, Petar   ***"]
[Black "BATANJAC, Aleksandar"]
[Result "1-0"]
[WhiteElo "1964"]
[BlackElo "2072"]
[PlyCount "50"]
[EventDate "2017.09.03"]

1. e4 c5 2. Nf3 Nc6 3. d4 cxd4 4. Nxd4 Nf6 5. Nc3 e6 6. Nxc6 bxc6 7. Bd3 e5 8.
O-O h5 9. h3 Rb8 10. Qe2 Qc7 11. Bc4 Bd6 12. a3 O-O 13. Kh1 g6 14. Qe3 Re8 15.
Qh6 Re6 16. Bxe6 dxe6 17. Rd1 Nh7 18. Qd2 Be7 19. b3 Nf8 20. Qe2 Qa5 21. Bb2
Ba6 22. Qf3 Qc7 23. g4 h4 24. g5 Rd8 25. Qg4 Nh7 1-0

[Event "Liga CS Jug 2017"]
[Site "Vlasotince"]
[Date "2017.10.14"]
[Round "10.4"]
[White "STOJANOVIC, Zlatko"]
[Black "RISTIC, Nebojsa B"]
[Result "0-1"]
[WhiteElo "2191"]
[BlackElo "2308"]
[PlyCount "102"]
[EventDate "2017.09.03"]

1. e4 e6 2. d4 d5 3. Nc3 Bb4 4. exd5 exd5 5. Nf3 Ne7 6. Bd3 Bf5 7. O-O Bxd3 8.
Qxd3 c6 9. Bf4 O-O 10. a3 Bd6 11. Bg3 Bxg3 12. hxg3 Nd7 13. Rfe1 Nf6 14. Ne5
Nc8 15. a4 a5 16. Nf3 Nd6 17. Nd2 Qd7 18. Re2 Rfe8 19. Rae1 Rxe2 20. Rxe2 Re8
21. Rxe8+ Qxe8 22. Kf1 Kf8 23. f3 h5 24. Kf2 g6 25. Ne2 Qe7 26. Qe3 Nf5 27. Qd3
Qc7 28. Nf1 Qb6 29. b3 c5 30. dxc5 Qxc5+ 31. Ke1 d4 32. c3 dxc3 33. Qxc3 Qxc3+
34. Nxc3 Nd4 35. Nd2 Ke7 36. Ne2 Nc2+ 37. Kf2 Nd5 38. Nc4 b6 39. Nf4 Nxf4 40.
gxf4 Nd4 41. Nxb6 Nxb3 42. Ke3 Kd6 43. Kd3 Kc5 44. Nd7+ Kb4 45. Ne5 Nc5+ 46.
Kc2 Ne6 47. Nxf7 h4 48. f5 gxf5 49. Nd6 Nf4 50. Nxf5 Nxg2 51. Nh6 h3 0-1

[Event "Liga CS Jug 2017"]
[Site "Vlasotince"]
[Date "2017.10.14"]
[Round "10.5"]
[White "SAVIC, Aleksandar S   *"]
[Black "PERUNOVIC, Ljubivoje"]
[Result "0-1"]
[WhiteElo "1872"]
[BlackElo "1841"]
[PlyCount "51"]
[EventDate "2017.09.03"]

1. e4 g6 2. d4 Bg7 3. Nf3 c5 4. Bc4 cxd4 5. c3 dxc3 6. Nxc3 Nc6 7. O-O d6 8.
Re1 Nf6 9. e5 dxe5 10. Qxd8+ Nxd8 11. Nxe5 O-O 12. Bg5 Be6 13. Bxf6 Bxf6 14.
Nd5 Kg7 15. Nxf6 exf6 16. Bxe6 fxe6 17. Nd7 Rf7 18. Nc5 e5 19. Rac1 b6 20. Ne4
Ne6 21. Rc6 Nd4 22. Rd6 Nf5 23. Rc6 Rb8 24. Kf1 Nd4 25. Rd1 Rd7 26. Rdc1 {
... 61mov.} 0-1

[Event "Liga CS Jug 2017"]
[Site "Vlasotince"]
[Date "2017.10.14"]
[Round "10.6"]
[White "MILUTINOVIC, Zoran"]
[Black "SUSULIC, Zivan"]
[Result "1/2-1/2"]
[WhiteElo "2078"]
[BlackElo "2088"]
[PlyCount "20"]
[EventDate "2017.09.03"]

1. d4 d5 2. c4 e6 3. Nf3 Nf6 4. g3 Be7 5. Bg2 O-O 6. O-O c6 7. Nbd2 Nbd7 8. Qc2
Re8 9. b3 Bf8 10. Bb2 Qc7 1/2-1/2

[Event "Liga CS Jug 2017"]
[Site "Vlasotince"]
[Date "2017.10.14"]
[Round "10.6"]
[White "PUZIC, Slobodan"]
[Black "SAVIC, Goran Lj"]
[Result "1/2-1/2"]
[WhiteElo "2050"]
[BlackElo "2109"]
[PlyCount "21"]
[EventDate "2017.09.03"]

1. b3 Nf6 2. Bb2 e6 3. g3 Be7 4. Bg2 O-O 5. e3 d5 6. d3 b6 7. Ne2 Bb7 8. O-O
Nbd7 9. Nd2 c5 10. c4 dxc4 11. Qc2 1/2-1/2